书目信息 |
| 书名: | The biotech century | |
| 作者: | Jeremy Rifkin. | |
| 分册号: | ||
| 分册名: | 出版地: | New York : |
|
| 出版社: | Jeremy P. Tarcher/Putnam | |
| 出版时间: | c1998. | |
| 页数: | xvi, 271 p. ; | |
| 开本: | 24 cm. | |
| 丛书名: | ||
| 中图分类号: | ||
| 科图分类号: | ||
| 其他分类号: | Q78 | |
| 主题词: | ||
| 电子资源: | ||
| 000 | 01299cam a2200325 a 450 | |
| 001 | E0734169120 | |
| 005 | 20070515093203.43 | |
| 008 | 971010s1998 nyu b 001 0 eng | |
| 010 | @a97044358 | |
| 020 | @a0-87477-909-X. | |
| 035 | @A(DLC) 97044358 | |
| 040 | @aDLC@cDLC@dDLC | |
| 050 | 00 | @aTP248.2@b.R54 1998 |
| 082 | 00 | @a303.48/3@2 21 |
| 090 | @aQ78 | |
| 099 | @dQ78@ex2 | |
| 100 | 1 | @aRifkin, Jeremy. |
| 245 | 14 | @aThe biotech century :@bharnessing the gene and remaking the world / @cJeremy Rifkin. |
| 260 | @aNew York :@bJeremy P. Tarcher/Putnam,@cc1998. | |
| 300 | @axvi, 271 p. ;@c24 cm. | |
| 504 | @aIncludes bibliographical references (p. [259]-264) and index. | |
| 650 | 0 | @aGenetic engineering@xSocial aspects. |
| 650 | 0 | @aBiotechnology@xMoral and ethical aspects. |
| 650 | 0 | @aGenetic engineering@xMoral and ethical aspects. |
| 650 | 0 | @aBiotechnology@xSocial aspects. |
| 906 | @a7@bcbc@corignew@d1@eocip@f19@gy-gencatlg | |
| 920 | @a** LC HAS REQ’D # OF SHELF COPIES ** | |
| 923 | @dedition rec’d nb05 (V. Gollancz, London 1998) 2/17/2000 | |
| 955 | @apc20 to sa00 10-10-97; jb12 10-15-97/jb08 to jc00 10-16-97; jc02 to technician 10-16-97; jc13 10-16-97; CIP ver. jb11 03-17-98 | |
| 991 | @bc-GenColl@hTP248.2@i.R54 1998@p00050717239@tCopy 1@wBOOKS | |
| The biotech century : : harnessing the gene and remaking the world / / Jeremy Rifkin.-New York : : Jeremy P. Tarcher/Putnam, , c1998. |
| xvi, 271 p. ; ; 24 cm. |
| Includes bibliographical references (p. [259]-264) and index. |
| ISBN 0-87477-909-X. |
| ● |
| 相关链接 |
|
|
|
|
正题名:biotech century
索取号:Q78/x2
 
预约/预借
| 序号 | 登录号 | 条形码 | 馆藏地/架位号 | 状态 | 备注 |
| 1 | 9055 | 300090559 | 第二样本阅览室/ [索取号:Q78/x2] | 在馆 |